| 000 | 00518nam a2200169Ia 4500 | ||
|---|---|---|---|
| 003 | GCL | ||
| 008 | 140319s9999 xx 000 0 ara d | ||
| 040 |
_aGCL / _cGCL |
||
| 082 | 0 | 4 |
_a953.021 _bس ت |
| 100 | 1 | _aسعد بدير الحلوانى | |
| 245 | 1 | 0 |
_aتعمير مكة المكرمة (1812 - 1840) / _cسعد بدير الحلوانى |
| 300 | _a40 ص | ||
| 490 | _a | ||
| 650 | 0 | 4 | _aمكة المكرمة - تاريخ |
| 650 | 0 | 4 | _aمكة المكرمة - الاسكان والتعمير |
| 942 |
_2ddc _cBK |
||
| 999 |
_c44839 _d44839 |
||